Os 15 principais países afetados pela Covid-19 - 29 de julho - Statistics

Estatísticas Gerais
  • Esse quiz foi jogado 6 vezes
  • A pontuação média é 12 de 25
Estatísticas das Respostas
país % Correto
Brasil
100%
Estados Unidos
100%
México
100%
Rússia
100%
Itália
83%
Chile
67%
Chile
67%
Espanha
67%
Índia
67%
Irão
67%
Reino Unido
67%
Peru
50%
Arábia Saudita
33%
Catar
33%
Paquistão
33%
África do Sul
17%
Bahrein
17%
Colômbia
17%
Israel
17%
Kuweit
17%
Panamá
17%
Suécia
17%
Armênia
0%
Omã
0%
Singapura
0%
Nenhum quiz correspondente encontrado
Distribuição das Pontuações
Porcentagem de Pessoas com Cada Pontuação
Percentil de Números Respondidos
Sua Pontuação Histórica
Você não jogou esse quiz